[Event "Leutersdorf Sparkasse op 15th"]
[Site "Leutersdorf"]
[Date "2011.02.20"]
[Round "6"]
[White "Peschel, Gerhard"]
[Black "Roessler, Frank Peter"]
[Result "0-1"]
[WhiteElo "1625"]
[BlackElo "1967"]
[PlyCount "76"]
[EventDate "2011.02.18"]
[EventType "swiss"]
[EventRounds "7"]
[EventCountry "GER"]
[SourceTitle "CBM 141 Extra"]
[Source "ChessBase"]
[SourceDate "2011.05.03"]
[SourceVersion "1"]
[SourceVersionDate "2011.05.03"]
[SourceQuality "1"]

1. e4 e6 2. d4 d5 3. e5 c5 4. c3 Nc6 5. Nf3 Qb6 6. Be2 Bd7 7. 0-0 f6 8. Re1 cxd4 9. cxd4 fxe5 10. dxe5 Bc5 11. Rf1 Nh6 12. Bxh6 gxh6 13. Qc1 0-0-0 14. Nc3 Qc7 15. Nb5 Qb6 16. a4 a5 17. Rb1 Kb8 18. Qxh6 Rdg8 19. Qd2 Rg4 20. b3 Rhg8 21. g3 h5 22. Kh1 Bxf2 23. Bd3 Be3 24. Qe2 Nb4 25. Rbd1 d4 26. Nd6 Nxd3 27. Qxd3 Bc6 28. Nc4 Qc5 29. Rde1 h4 30. Nxe3 dxe3 31. Qxe3 Qc2 32. Re2 Qh7 33. Kg1 hxg3 34. h4 Rxh4 35. Nxh4 Qxh4 36. Rf3 Rh8 37. Kf1 Qh1+ 38. Qg1 Qxf3+ 0-1

[Event "Leutersdorf Sparkasse op 13th"]
[Site "Leutersdorf"]
[Date "2009.02.14"]
[Round "5"]
[White "Peschel, Gerhard"]
[Black "Bach, Markus"]
[Result "0-1"]
[WhiteElo "1562"]
[BlackElo "1959"]
[PlyCount "82"]
[EventDate "2009.02.13"]
[EventType "swiss"]
[EventRounds "7"]
[EventCountry "GER"]
[SourceTitle "CBM 128 Extra"]
[Source "ChessBase"]
[SourceDate "2009.03.05"]
[SourceVersion "2"]
[SourceVersionDate "2009.03.25"]
[SourceQuality "1"]

1. e4 e5 2. Nc3 Bc5 3. Nf3 d6 4. Na4 Bb6 5. Nxb6 axb6 6. Be2 Qf6 7. d3 h6 8. Bd2 Ne7 9. Bc3 Nbc6 10. 0-0 Ng6 11. g3 0-0 12. a3 Bh3 13. Re1 Rae8 14. Bf1 Bg4 15. Bg2 Qe6 16. Qc1 f5 17. Nd2 f4 18. f3 fxg3 19. hxg3 Bh3 20. Kh2 Bxg2 21. Kxg2 Rf7 22. Rh1 Ref8 23. Qd1 Qf6 24. Rh5 Nf4+ 25. gxf4 Qg6+ 26. Rg5 hxg5 27. f5 Qf6 28. Nc4 g6 29. Ne3 gxf5 30. exf5 Rh7 31. Qe1 Ne7 32. Bd2 Nxf5 33. Nxf5 Qxf5 34. Qg3 Rg7 35. Rh1 g4 36. f4 exf4 37. Qf2 Qd5+ 38. Kg1 g3 39. Qe2 f3 40. Qe4 Qxe4 41. dxe4 g2 0-1

[Event "Leutersdorf Sparkasse op 13th"]
[Site "Leutersdorf"]
[Date "2009.02.14"]
[Round "6"]
[White "Roessler, Frank Peter"]
[Black "Peschel, Gerhard"]
[Result "1-0"]
[WhiteElo "2058"]
[BlackElo "1562"]
[PlyCount "75"]
[EventDate "2009.02.13"]
[EventType "swiss"]
[EventRounds "7"]
[EventCountry "GER"]
[SourceTitle "CBM 128 Extra"]
[Source "ChessBase"]
[SourceDate "2009.03.05"]
[SourceVersion "2"]
[SourceVersionDate "2009.03.25"]
[SourceQuality "1"]

1. f4 d5 2. Nf3 Nc6 3. e3 Bf5 4. Bb5 Nf6 5. 0-0 Bd7 6. b3 a6 7. Bd3 Bg4 8. Bb2 e6 9. Qe1 Bxf3 10. Rxf3 Be7 11. Nc3 Nb4 12. Qg3 Nxd3 13. cxd3 0-0 14. Ne2 c5 15. Be5 g6 16. Qh3 Nd7 17. Raf1 Bf6 18. d4 Nxe5 19. fxe5 Bg7 20. dxc5 Bxe5 21. d4 Bg7 22. Nf4 Qd7 23. a4 Rae8 24. Nd3 Qc7 25. Qh4 f6 26. b4 Rf7 27. Ne5 Rfe7 28. Rh3 Bh8 29. Nxg6 Rg7 30. Rxf6 Qd8 31. Nxh8 Kxh8 32. Rxe6 Qd7 33. Rxe8+ Qxe8 34. Qf6 Kg8 35. Rf3 Rg6 36. Qf5 h6 37. Qxd5+ Kh7 38. Qf7+ 1-0

[Event "Leutersdorf Sparkasse op 13th"]
[Site "Leutersdorf"]
[Date "2009.02.13"]
[Round "1"]
[White "Peschel, Gerhard"]
[Black "Bach, Ulf"]
[Result "1-0"]
[WhiteElo "1562"]
[BlackElo "2022"]
[PlyCount "43"]
[EventDate "2009.02.13"]
[EventType "swiss"]
[EventRounds "7"]
[EventCountry "GER"]
[SourceTitle "CBM 128 Extra"]
[Source "ChessBase"]
[SourceDate "2009.03.05"]
[SourceVersion "2"]
[SourceVersionDate "2009.03.25"]
[SourceQuality "1"]

1. e4 e6 2. Nc3 d5 3. exd5 exd5 4. d4 Nf6 5. Nf3 Bf5 6. Be2 Bd6 7. Nb5 Be7 8. Bf4 Na6 9. 0-0 c6 10. Nc3 Nc7 11. Re1 Ne6 12. Bg3 Nh5 13. Be5 f6 14. Nh4 fxe5 15. Bxh5+ g6 16. Nxf5 gxh5 17. Rxe5 0-0 18. Nh6+ Kg7 19. Rxe6 Qd7 20. Qe2 Bg5 21. Re1 Rae8 22. Rxe8 1-0